1984 1135 1567 1223 1724 1767 1051 1906 1382 1511 1510 1214 1407 1821 1688 1945 1035 1989 1284 1670 1824 1305 1309 1228 1638 1404 1506 1608 1405 1947 1724 1765 1973 1362 1965 1265 1468 1663 1782 1470 1630 1568 1491 1049 1603 1990 1889 1086 1507 1117 1480 1259 1955 1727 1812 1157 1070 1578 1901 1458 1624 1832 1201 1373 1366 1179 1875 1796 1360 1566 1719 1614 1448 1350 1820 1853 1255 1957 1601 1165 1821 1814 1784 1524 1131 1316 1813 1640 1122 1608 1798 1385 1143 1509 1672 1713 1019 1187 1136 BCNSPRNW ULIB Ver.6.0+V

เปลี่ยนเป็นภาษาไทย

Change to English
 แสดงรายละเอียดบรรณานุกรม
  กลับหน้าหลัก

Brief Record : Get Marc (ISO 2709) : E-mail record : QR code < ปิดหน้าต่าง
LEADER : 00000nas 2200000uu 4500
001    13399120639
003     ULIB
008    020711s|||| th a 000 0 tha d
022    1905453X
110    การสาธารณสุข เขต 5
245    วารสารวิชาการสาธารณสุข เขต 5 /^cการสาธารณสุข เขต 5
260    สระบุรี :^bการสาธารณสุข เขต 5,^cม.ป.ป.
310    ^aรายสี่เดือน
850 ^a ULIB^bปีที่ 6 ฉบับที่ 1 ;ปีที่ 5 ฉบับที่ 2
945    ^p0^l0^i900827
945    ^p0^l0^i900821
รายการนี้ยังไม่มีแท็ก
คุณยังไม่ได้ล็อกอิน คุณสามารถมีกิจกรรมร่วมกับเว็บไซต์ได้ แต่ต้องล็อกอินก่อน ::
  ล็อกอิน

รายการสื่อสารสนเทศ (วารสาร)

ดูแบบ: กล่อง รายการ
ARRIVED
ปีที่ 5 ฉบับที่ 2
สถานที่: ห้องสมุดวิทยาเขตสวรรค์ประชารักษ์ >หนังสือทั่วไป
ARRIVED
ปีที่ 6 ฉบับที่ 1
สถานที่: ห้องสมุดวิทยาเขตสวรรค์ประชารักษ์ >หนังสือทั่วไป

BibComment


ยังไม่เคยถูกคอมเมนท์

คอมเมนท์ทรัพยากรรายการนี้
  คอมเมนท์: วารสารวิชาการสาธา..


 Copyright 2026. Bcnsprnw @Library